Регионална библиотека "Любен Каравелов" - Русе

Нищо за продан (Запис номер 1386)

MARC детайли
000 -Лидер
Контролно поле с фиксирана дължина 01017nam a2200301 c 4500
003 - Код на организацията, давaща контролен номер
Контролно поле BLK
005 - Дата и час на последна редакция
Контролно поле 20230701005132.0
008 - Елементи от данни с фиксирана дължина
fixed length control field 180412b bul|||||r ||||||| ||bul||
010 ## - Наследен системен номер
LC control number KNG00002208000
020 ## - Международен стандартен номер на книга ISBN
Международен стандартен номер на книга ISBN 954-445-113-7
-- издат.: Христо Ботев
040 ## - Източник на каталожния запис
Идентификатор на билиотеката - собственик на записа BLK
041 ## - Код за език
Код за езика на текст/звукозапис или на отделно заглавие Български
Код за езика КДБФ Български
080 ## - УДК
Текстов определител УДК Българска литература
УДК код - определител по УДК 821.163.2
УДК определител -32
УДК - код + определител 821.163.2-32
100 ## - Редна дума - Автор
Автор Биолчев, Боян Асенов
Титли или други наименования, свързани с автора Чичо Боби (псевдоним)
Дати, свързани с автора 1942 -
R(LIN) 365228
139 ## - Редно поле
Редна дума Биолчев, Боян Асенов
Авторски знак Био - Б 45
245 10 - Сведения за заглавието
Заглавие Нищо за продан
Подзаглавни данни Новели
Редно поле (дума) Боян Асенов Биолчев.
257 ## - Страна на издаване
Страна на създаване/издаване България
260 ## - Област на издателските данни
-- София
Име на издателя, разпространителя и проч. Христо Ботев
Година на издаване 1994
300 ## - Физическа характеристика
Страници 215 с.
Размери/Мащаб 20 см
380 ## - Жанр
Жанр Худож. лит.
500 ## - Общи забележки
Забележка 3 000 тир.
852 ## - Местоположение
Форматна сигнатура Цб 178741
856 4# - Електронен адрес и достъп
Електронен формат pdf - файл
Път до файла /url/
856 4# - Електронен адрес и достъп
Електронен формат pdf - файл
Път до файла /url/
942 ## - АРТИКУЛИ
Вид на библиотечния материал Книги
Скрит в OPAC Не
944 ## - СЪЗДАВАНЕ И РЕДАКЦИЯ на ЗАПИСА
Създаване/Редакция Създаване
Дата на регистрацията/редакция 15.01.2003
Служител, извършил регистрацията/редакцията Наталия_Медовщикова
944 ## - СЪЗДАВАНЕ И РЕДАКЦИЯ на ЗАПИСА
Създаване/Редакция Редакция
Дата на регистрацията/редакция 23.08.2012
Служител, извършил регистрацията/редакцията
999 ## - СИСТЕМНИ КОНТРОЛНИ НОМЕРА
Koha biblionumber 1386
Koha biblioitemnumber 1386
Наличности
Код за отписване Код за изгубен артикул Източник на класификационната схема Код за повреда Коз за рестрикции Код за отдаване Артикулен № Име на библиотеката - собственик Име на библиотеката, в която се намира в момента Статус (Текущо местоположение) Дата на вписване в системата Местоположение - отдел Цена в лева Инвентарен номер Систематично азбучна сигнатура Баркод Номер на екземпляра Цена в евро Служебна бележка Служебен тип на артикула
  Не е изгубен Universal Decimal Classification Не е повреден без рестрикции заемане за дома 2717 Регионална библиотека "Любен Каравелов" Русе Регионална библиотека "Любен Каравелов" Русе Заемна - подръчен фонд 1994-01-01 Заемна - подръчен фонд 0.27 612767 П 886.7-32/Б 45 120000612767 1 0.14 N: стар фонд Дата: 01.01.1994 Дата инв: 14.02.2018 Бележки инв: П2018 Книги
  Не е изгубен   Не е повреден без рестрикции ползва се в читалня 2718 Регионална библиотека "Любен Каравелов" Русе Регионална библиотека "Любен Каравелов" Русе Хранилище 1994-01-01 Хранилище 0.60 603089 Цб 178741 603089 2 0.31 N: стар фонд Дата: 01.01.1994 Дата инв: 08.09.2015 Бележки инв: Цб2015 Книги
Vip Innovations Ltd, Rousse, Bulgaria 2025